000 00757cam a2200253 a 4500
008
020 _a0824791479 (hbk.)
049 _aMAIN
090 _aTJ395
100 1 _aGanapathy, V.
245 1 0 _aSteam plant calculations manual /
_cV. Ganapathy.
250 _a2nd ed., rev. and expanded.
260 _aNew York :
_bM. Dekker,
_cc1994.
300 _axiv, 427 p. :
_bill. ;
_c24 cm.
440 _aMechanical engineering ;
_v87
504 _aIncludes bibliographical references.
500 _aIncludes index.
650 0 _aSteam power-plants
_vHandbooks, manuals, etc.
907 _a.b10026782
_b21-03-13
_c17-04-03
003
005 20230123133531.0
040 _cNUST
942 _cBOOKS
_kTJ395
999 _c150245
_d150245